000 00226nam a22000857a 4500
999 _c11529
_d11529
008 190531b ||||| |||| 00| 0 eng d
100 _aRohit
_97241
245 _aCBSE ScienceSample Papers-X
260 _aNew Delhi
_bRohit Publications